000 00321nam a22001097a 4500
008 230703b xxu||||| |||| 00| 0 eng d
082 _a342.
_bGIC 1987
245 _aA Textbook of The Constitution and Government of Kenya for Secondary Schools
260 _bH.B. Ndoria Gicheru
_c1987
300 _aXVI,654p
942 _2ddc
_cBK
999 _c3521
_d3521